| 000 | 00797nam a2200277 a 4500 | ||
|---|---|---|---|
| 001 | vtls001533515 | ||
| 003 | NLI | ||
| 005 | 20210627145701.0 | ||
| 008 | 121212s1940 xx 000 0 eng | ||
| 039 | 9 |
_y201212121643 _zVLOAD |
|
| 040 | 0 |
_aNLI _beng _cXData_1 _eAACR2 |
|
| 041 | 0 | _aeng | |
| 044 | _axx | ||
| 082 | _a173 | ||
| 100 | 1 | _aMasani, Minoo | |
| 245 | 1 | 0 |
_aOur India / _cby Minoo Masani ; illustrated by C.H.G. Moorhouse |
| 260 |
_aHumpherey Milford : _bOxford University Press, _c1940 |
||
| 300 |
_a165 p. ; _c19 cm. |
||
| 651 | 0 |
_aIndia _xSocial conditions _9678870 |
|
| 700 | 1 |
_aMoorhouse, C.H.G., _4ill _9695622 |
|
| 887 | _a | ||
| 901 |
_aIMP47201 _b28.01.2011 |
||
| 902 | _a173 A 549 | ||
| 949 |
_AVIRTUAITEM _D10000 _X100 _6IMP000047201ENG |
||
| 942 |
_2ddc _cBKS |
||
| 999 |
_aVIRTUA40 _c984591 _d984591 |
||